Welcome to the Holygrace Academy Library

Please use search bar below to get started

100 FOLK HEROES (Record no. 6560)

MARC details
000 -LEADER
fixed length control field 00286nam a22001337a 4500
082 ## - DEWEY DECIMAL CLASSIFICATION NUMBER
Classification number 001
Item number KRA/F
100 ## - MAIN ENTRY--AUTHOR NAME
Personal name KRALL,SARAH
245 ## - TITLE STATEMENT
Title 100 FOLK HEROES
250 ## - EDITION STATEMENT
Edition statement FIRST
260 ## - PUBLICATION, DISTRIBUTION, ETC. (IMPRINT)
Place of publication NEW DELHI
Name of publisher GEMINI BOOKS
Year of publication 2002
300 ## - PHYSICAL DESCRIPTION
Number of Pages 112
650 ## - SUBJECT ADDED ENTRY--TOPICAL TERM
Topical Term FOLK HEROES
Geographic subdivision NEW DELHI
942 ## - ADDED ENTRY ELEMENTS (KOHA)
Koha item type Books
Holdings
Withdrawn status Lost status Collection code Home library Current library Shelving location Date acquired Source of acquisition Full call number Accession Number Koha item type
    Reference Main Library Main Library SHELF-17-L-BIOGRAPHIES & AUTOBIOGRAPHIES 17/11/2006 PURCHASE 001 KRA/F 03289 Books
    Reference Main Library Main Library SHELF-17-L-BIOGRAPHIES & AUTOBIOGRAPHIES 17/11/2006 PURCHASE 001 KRA/F 03287 Books